00961nam a2200253 i 4500003000400000005001700004008004100021020003900062040002800101082001700129100004100146245010500187264005800292300006800350336002100418337002500439338002300464500006500487504003300552650004200585650001900627650003400646650002700680OSt20260618145439.0260618s2025 my ab gr 000 0 may d a9786299546306cRM45.00qpaperback  aPPAK bengcPPAK erda 04223a297.56990 aMohd Adlin Salleh,eauthoreeditor. 10aPayahkah IKHLAS? : bJOM ULANGKAJI... / cMOHD ADLIN SALLEH ; Editor & Penyelaras: Mohd Adlin Salleh 1aKuala Selangor, Selangor : bMohd Adlin Salleh,c2025 axii, 388 pages : bcolour illustrations, colour maps ; c23 cm  atext2rdacontent aunmediated2rdamedia avolume2rdacarrier aContains verses from the Qur'an and quotes from the Hadith.  aBibliography: pages 377-386.10aSincerity xReligious aspects xIslam20aIslamic ethics20aIslam xCustoms and practices20aReligious life xIslam